[Event "Moscow Open RSSU Cup 2020"]
[Site "Moscow"]
[Date "2020.01.31"]
[Round "7.10"]
[White "Arslanov, Shamil"]
[Black "Lobanov, Sergei"]
[Result "0-1"]
[WhiteElo "2400"]
[BlackElo "2507"]
[Annotator "TA"]
[PlyCount "102"]
[EventDate "2020.01.25"]
[EventType "swiss"]
[EventCountry "RUS"]
[SourceTitle "playchess.com"]
[Source "ChessBase"]
[SourceQuality "1"]

{[%evp 15,102,20,31,-6,0,-30,-27,-26,-22,-39,-31,-23,-28,-55,-50,-62,-53,-70,-68,-64,-69,-67,-61,-68,-38,-31,-24,-46,-35,-50,-39,-41,-30,-54,-46,-43,-52,-54,-43,-64,-51,-50,-39,-93,-88,-114,-118,-133,-122,-123,-122,-131,-133,-144,-144,-146,-126,-134,-117,-121,-125,-154,-145,-154,-139,-434,-426,-444,-474,-466,-465,-445,-440,-587,-773,-622,-591,-1472,-1454,-1765,-1427,-5691,-5608,-29974,-29975,-6689,-29967,-29995,-29996]} 1. e4 c5 2. c3 Nf6 3. e5 Nd5 4. Nf3 Nc6 5. Bc4 Nb6 6. Bb3 c4 7. Bc2 d6 8. exd6 Qxd6 9. d4 {B22: Sicilian: 2 c3} (9. O-O {seems wilder.} Bg4 10. h3 Bh5 11. Re1 Ne5 12. Rxe5 Bxf3 13. Qe1) 9... cxd3 $1 10. Qxd3 (10. Bxd3 {feels hotter.} Bg4 11. Qe2 e6 12. O-O Be7 13. Re1) 10... Qxd3 11. Bxd3 {Black has an edge.} e5 12. O-O f6 13. Re1 Kf7 14. Be3 Nd5 15. Bc4 Be6 16. Nbd2 {[#]} Na5 $146 ({Predecessor:} 16... Nxe3 17. Bxe6+ Kxe6 18. Rxe3 Bc5 19. Re2 Rhd8 20. Nb3 Bb6 21. Kf1 h5 22. Nfd2 Kf7 {½-½ (53) Andersson,C (2194)-Malisauskas,V (2489) Reykjavik 2008}) 17. Bf1 Be7 18. Nc4 Nxe3 19. Nxe3 Rhc8 20. Bd3 g6 21. Be4 Rab8 22. Bd5 b5 23. Rad1 Nc4 24. Re2 Nxe3 25. Bxe6+ Kxe6 26. Rxe3 a5 27. Kf1 b4 28. cxb4 axb4 29. Rb3 (29. Re2 $15) 29... Ra8 $17 30. a3 bxa3 31. Rb6+ Kf7 32. bxa3 Rc7 33. Rb3 Rxa3 34. Rxa3 Bxa3 {[%mdl 4096] Endgame KRB-KRN} 35. Ra1 Bb4 36. Ra4 Rc1+ 37. Ke2 Rb1 {Threatens to win with ...e4.} 38. Ra7+ Ke6 {And now ...Rb2+ would win.} 39. Rb7 Kd5 40. g4 $2 {[%mdl 8192] [#]} (40. Rd7+ $17 {was called for.} Kc6 41. Rf7) 40... e4 $1 $19 {Strongly threatening ...Rb2+.} 41. Nd2 Rb2 42. Kf1 f5 (42... Rxd2 $2 43. Rxb4 Ke5 44. Rb7 $17) 43. gxf5 gxf5 ({Inferior is} 43... Rxd2 44. fxg6 Kc4 45. gxh7 $11) 44. Kg1 f4 ({Weaker is} 44... Rxd2 45. Rxb4 Ke5 46. Kf1 $19) 45. Nf1 h5 46. Rb5+ Kc4 47. Re5 Kd4 48. Rf5 f3 49. Rb5 h4 50. h3 Rb1 51. Kh2 Bd6+ {[%mdl 64] Discovered Attack. Accuracy: White = 57%, Black = 95%.} 0-1

[Event "Moscow Open RSSU Cup 2020"]
[Site "Moscow"]
[Date "2020.01.31"]
[Round "7.11"]
[White "Airapetian, Gor"]
[Black "Pavlov, Sergey"]
[Result "1-0"]
[WhiteElo "2444"]
[BlackElo "2490"]
[Annotator "TA"]
[PlyCount "77"]
[EventDate "2020.01.25"]
[EventType "swiss"]
[EventCountry "RUS"]
[SourceTitle "playchess.com"]
[Source "ChessBase"]
[SourceQuality "1"]

{[%evp 14,77,26,12,12,3,12,5,14,12,1,0,44,35,38,41,54,58,56,53,54,50,55,50,49,60,53,45,102,83,85,80,109,90,101,52,174,183,231,231,231,236,216,200,189,215,212,204,197,194,204,204,312,318,312,310,356,356,314,345,425,423,411,356,300,300]} 1. d4 d5 2. c4 e6 3. Nf3 Nf6 4. Nc3 Nbd7 5. Bg5 Bb4 6. cxd5 exd5 7. Qc2 c5 8. a3 Bxc3+ {D38: Queen's Gambit Declined: Ragozin Defence (4 Nf3 Bb4)} 9. Qxc3 c4 10. Nd2 O-O {The position is equal.} 11. e3 h6 12. Bh4 b5 13. a4 $1 bxa4 14. Rxa4 Ne4 15. Bxd8 Nxc3 16. bxc3 Rxd8 17. Be2 {[#]} a5 $146 ({Predecessor:} 17... Nf6 18. f3 a5 19. Kf2 Bd7 20. Ra2 a4 21. Rha1 Bc6 22. e4 Rdb8 23. exd5 Nxd5 {1-0 (46) Akopian,V (2705)-Khenkin,I (2610) Amsterdam 2005}) 18. f3 Bb7 19. Kf2 Bc6 20. Ra2 Rdb8 (20... Nf6 $14) 21. e4 $16 Nb6 22. exd5 Bxd5 23. Rb1 a4 24. Rb4 {[%cal Rd2c4]} a3 {[#]} (24... Be6 $14) 25. Nb1 $1 $18 Na4 {Threatens to win with ...Rxb4.} 26. Rxa3 Rxb4 27. cxb4 Kf8 28. Bd1 Nb6 29. Rxa8+ Bxa8 {[%mdl 4096] Endgame KBN-KBN} 30. Nc3 Ke7 31. Bc2 Bc6 32. Be4 Bd7 {[#]} (32... Kd6 $142 33. Bxc6 Kxc6) 33. Nd5+ $1 Nxd5 34. Bxd5 {KB-KB} Bb5 35. Ke3 c3 36. Bb3 f6 37. d5 Kd6 38. f4 Bf1 39. g3 {Accuracy: White = 96%, Black = 69%.} 1-0

[Event "Moscow Open RSSU Cup 2020"]
[Site "Moscow"]
[Date "2020.01.31"]
[Round "7.12"]
[White "Pourramezanali, Amirreza"]
[Black "Makhmutov, Rail"]
[Result "1/2-1/2"]
[WhiteElo "2488"]
[BlackElo "2403"]
[Annotator "TA"]
[PlyCount "89"]
[EventDate "2020.01.25"]
[EventType "swiss"]
[EventCountry "RUS"]
[SourceTitle "playchess.com"]
[Source "ChessBase"]
[SourceQuality "1"]

{[%evp 25,89,45,58,48,54,49,45,45,57,18,21,0,62,43,34,0,0,0,2,0,22,0,0,0,16,0,0,0,22,22,20,28,30,23,53,22,68,0,26,0,0,0,2,-22,-15,-23,-23,-23,-31,-33,-17,-25,-8,-8,-8,-8,-8,-8,-8,-8,-7,-8,0,-8,-8,-272]} 1. e4 c5 2. Nf3 Nc6 3. d4 cxd4 4. Nxd4 Nf6 5. Nc3 e5 6. Ndb5 d6 7. Bg5 a6 8. Na3 b5 9. Bxf6 gxf6 10. Nd5 Bg7 11. c3 f5 12. Bd3 Be6 13. Qh5 f4 14. g3 {B33: Sicilian: Pelikan and Sveshnikov Variations} Ne7 15. Nxe7 Qxe7 16. Nc2 {White is slightly better.} Qb7 {[#]} 17. gxf4 $146 ({Predecessor:} 17. Rg1 Bf6 18. gxf4 exf4 19. Nd4 Qe7 20. a4 b4 21. Bxa6 Bd7 22. Bd3 bxc3 23. bxc3 Rxa4 24. Rxa4 Bxa4 {1-0 (41) Groszpeter,A (2520)-Szuk,B (2335) Hungary 1995}) 17... exf4 18. Nd4 Ke7 (18... Bxd4 $11 19. cxd4 Bc4) 19. Rg1 Bf6 20. Nf5+ Bxf5 $1 21. exf5 {[#] Black must now prevent 0-0-0.} b4 22. Kf1 Rag8 $1 {[%cal Rg8g1]} 23. Qe2+ ({Avoid the trap} 23. Bc4 $2 Rxg1+ 24. Kxg1 Rg8+ 25. Kf1 Qh1+ 26. Ke2 Qe4+ 27. Kd2 bxc3+ 28. bxc3 Qxc4 $19) 23... Be5 24. Be4 $36 {[%mdl 2048] White has some pressure.} Qb8 25. Qxa6 bxc3 26. bxc3 Qf8 27. Rb1 {next Rb7+ is good for White.} Rxg1+ 28. Kxg1 Rg8+ 29. Kf1 {Hoping for Bd5.} Qh6 30. Ke2 Qh5+ 31. Kd2 (31. Bf3 $14 Qxf5 32. Qd3) 31... f3 32. Qd3 Rg2 33. Rf1 Rxh2 34. a4 Qh4 35. Kd1 Rxf2 36. Rxf2 Qxf2 37. Bxf3 Qb2 38. Qc2 Qxc3 (38... Qa1+ {keeps more tension.} 39. Kd2 Kf6 40. Bd1 Kg7 41. Qd3 h5) 39. Qxc3 {The position is equal.} Bxc3 $11 {[%mdl 4096] Endgame KB-KB} 40. Kc2 Ba5 (40... Bb4 {feels hotter.} 41. Kb3 Bc5 42. a5 Kf6 43. Bh5 Kxf5 44. Bxf7 Kf6) 41. Kd3 Kf6 42. Bh5 Kxf5 43. Bxf7 Ke5 44. Ke3 d5 45. Bxd5 $2 {[%mdl 40960] Accuracy: White = 78%, Black = 86%. . An unexpected result.} (45. Kf3 $11 {and White has nothing to worry.}) 1/2-1/2

[Event "Moscow Open RSSU Cup 2020"]
[Site "Moscow"]
[Date "2020.01.31"]
[Round "7.13"]
[White "Semenova, Elena"]
[Black "Osmak, Iulija"]
[Result "0-1"]
[WhiteElo "2290"]
[BlackElo "2394"]
[Annotator "TA"]
[PlyCount "108"]
[EventDate "2020.01.25"]
[EventType "swiss"]
[EventCountry "RUS"]
[SourceTitle "playchess.com"]
[Source "ChessBase"]
[SourceQuality "1"]

{[%evp 10,108,21,20,37,0,0,7,19,-28,-33,-48,-46,-63,-65,-54,-49,-52,-67,-78,-70,-81,-75,-129,-130,-150,-104,-164,-151,-197,-198,-186,-189,-185,-186,-328,-343,-368,-368,-393,-357,-412,-396,-518,-511,-525,-552,-602,-596,-630,-626,-629,-603,-640,-543,-519,-516,-518,-483,-906,-893,-766,-581,-518,-518,-524,-518,-518,-518,-518,-324,-514,-505,-415,-446,-518,-366,-521,-513,-502,-456,-353,-333,-310,-303,-404,-385,-442,-416,-613,-517,-700,-642,-2734,-2221,-7769,-7066,-5739,-5543,-1595,-1043]} 1. e4 c5 2. Nf3 Nc6 3. Bb5 g6 4. Bxc6 dxc6 5. d3 Bg7 6. h3 Nh6 {B31: Sicilian: 2...Nc6 3 Bb5 g6} 7. Be3 Bxb2 {[#]} 8. Nbd2 $146 ({Predecessor:} 8. Bxh6 Bxa1 9. c3 Be6 10. O-O Qa5 11. Qc1 Bxa2 12. c4 Qb4 13. Nbd2 Bb2 14. Qc2 {0-1 (28) Velicka,P (2440)-Glicenstein,A (2332) Vila Nova de Gaia 2004}) 8... Bg7 {The position is equal.} 9. Rb1 ({But not} 9. Bxc5 Bxa1 10. Qxa1 f6 $15) 9... b6 {[%cal Bb7b6,Bb6b5][%mdl 32]} 10. Nc4 f6 11. a4 Nf7 12. a5 {[%cal Ra5b6]} b5 13. Ncd2 Qxa5 14. Bxc5 Qc7 15. O-O O-O 16. Nd4 (16. c4 $142) 16... Nd6 17. c4 e5 18. Ne2 (18. N4f3 $17) 18... Be6 $1 $19 19. d4 Rfd8 ({Don't play} 19... bxc4 20. Qa4 $17) ({Much less strong is} 19... Nxc4 20. Bxf8 Bxf8 21. d5 $17) 20. cxb5 cxb5 21. Bxd6 Qxd6 22. d5 {[#]} (22. Rxb5 {was worth a try.} exd4 23. Qa4) 22... Bd7 $1 23. Nc3 Rdb8 24. Qb3 a5 {[%cal Ba7a5,Ba5a4,Ba4a3,Ba3a2][%mdl 32]} 25. Na2 a4 26. Qb4 Bf8 27. Qxd6 Bxd6 28. Nb4 Rc8 29. Rfd1 a3 30. Rb3 Ra4 31. Nc6 a2 32. Ra1 Bxc6 33. dxc6 Bb4 34. Nf1 (34. Rb2 $142 Bc3 {[%mdl 64] Skewer} 35. Raxa2 Bxb2 36. Rxb2) 34... Rxc6 35. Ne3 Bc3 36. Rxa2 Rxa2 37. Nd5 {Now Ne7+ and White clings on.} Rb2 38. Rxb2 Bxb2 39. Ne7+ Kf7 40. Nxc6 {[%mdl 4096] Endgame KB-KN} Bc3 41. Kf1 Ke6 42. Ke2 Kd6 43. Nd8 (43. Nb8 $142 b4 44. Kd3) 43... Bd4 44. f3 Bb6 45. Nf7+ Kc5 46. Kd3 Bc7 47. Nh6 Kb4 48. Ng4 Bd8 49. Ne3 (49. Kc2 $142 Kc4 50. Ne3+ Kd4 51. Nf1) 49... Ka3 {Black is clearly winning.} 50. Kc2 Ka2 51. Nd5 {[#] intending Nc3+.} Ba5 $1 52. Ne3 b4 53. Nc4 b3+ 54. Kd3 b2 {Accuracy: White = 38%, Black = 95%.} 0-1

[Event "Moscow Open RSSU Cup 2020"]
[Site "Moscow"]
[Date "2020.01.31"]
[Round "7.14"]
[White "Voit, Daria"]
[Black "Guseva, Marina"]
[Result "1/2-1/2"]
[WhiteElo "2336"]
[BlackElo "2379"]
[Annotator "TA"]
[PlyCount "80"]
[EventDate "2020.01.25"]
[EventType "swiss"]
[EventCountry "RUS"]
[SourceTitle "playchess.com"]
[Source "ChessBase"]
[SourceQuality "1"]

{[%evp 13,80,17,27,13,31,31,28,23,35,0,0,0,0,0,0,0,0,0,0,0,0,0,0,0,0,0,0,0,0,0,0,0,0,0,0,0,8,0,0,0,0,0,0,0,0,0,0,0,0,0,0,0,0,0,0,0,0,0,0,0,8,0,8,0,0,0,8,0,8]} 1. Nf3 Nf6 2. c4 e6 3. g3 d5 4. Bg2 c5 5. O-O Be7 6. cxd5 Nxd5 7. Nc3 Nc6 8. Nxd5 {A34: Symmetrical English: 2 Nc3, lines with ...d5} Qxd5 {[#]} 9. d4 $1 {[%mdl 512]} Nxd4 (9... cxd4 10. Nxd4) 10. Nxd4 {White has an edge.} Qxd4 11. Be3 Qxb2 {The position is equal.} 12. Rb1 {[#]} Qxa2 $146 ({Predecessor:} 12... Qa3 13. Bxb7 Bxb7 14. Rxb7 Rd8 15. Qc2 Bd6 16. Qc4 O-O 17. Rd1 Qa5 18. a4 Be5 19. Rxd8 Rxd8 20. Qxc5 Qxc5 21. Bxc5 {1-0 (52) Stark,L (2418)-Hocevar,N (2048) Ravenna 2011}) 13. Bxb7 Bxb7 14. Rxb7 {[#] Threatening mate with Qd7+.} Rd8 15. Qa1 Qxa1 16. Rxa1 Bd6 17. Raxa7 O-O 18. Ra6 h6 19. Rc6 Rfe8 20. Kg2 Be5 21. Rxc5 Bd4 22. Bxd4 Rxd4 $11 {[%mdl 4096] Endgame KRR-KRR} 23. Rcc7 Rf8 24. Ra7 g6 25. h4 h5 26. Rab7 Ra4 27. Rd7 Rc4 28. Ra7 Rb4 29. Rac7 Ra4 30. Rb7 Rc4 31. Ra7 Rb4 32. Rac7 Ra4 33. Rb7 Rc4 34. Ra7 Rb4 35. Rac7 Ra4 36. Rb7 Rc4 37. Ra7 Rb4 38. Rac7 Ra4 39. Rb7 Rc4 40. Ra7 Rb4 {Accuracy: White = 97%, Black = 100%.} 1/2-1/2

[Event "Moscow Open RSSU Cup 2020"]
[Site "Moscow"]
[Date "2020.01.31"]
[Round "7.15"]
[White "Maltsevskaya, Aleksandra"]
[Black "Afonasieva, Anna"]
[Result "0-1"]
[WhiteElo "2318"]
[BlackElo "2286"]
[Annotator "TA"]
[PlyCount "114"]
[EventDate "2020.01.25"]
[EventType "swiss"]
[EventCountry "RUS"]
[SourceTitle "playchess.com"]
[Source "ChessBase"]
[SourceQuality "1"]

{[%evp 18,114,75,77,128,129,119,101,104,57,131,127,124,94,85,80,84,76,102,91,87,116,105,81,85,81,75,85,88,87,86,73,98,65,48,18,60,41,87,0,0,7,5,-25,-21,-25,-20,-106,-43,-127,-27,-50,-41,-45,-39,-51,0,0,-47,0,0,-97,-58,-217,-211,-264,-147,-245,-219,-225,-212,-247,-225,-399,-411,-522,-512,-812,-793,-670,-626,-849,-939,-856,-800,-3105,-3789,-5206,-2385,-29971,-29972,-29970,-29971,-29976,-29976,-29991,-29992,-29992,-29993]} 1. e4 c5 2. Nf3 Nc6 3. d4 cxd4 4. Nxd4 e5 5. Nb5 a6 6. Nd6+ Bxd6 7. Qxd6 Qf6 8. Qd2 Qg6 9. Nc3 Nf6 10. Qd6 Nh5 {B32: Sicilian: Löwenthal and Kalashnikov Variations} (10... Ng4 $142 11. Qxg6 hxg6) 11. Qxg6 $16 hxg6 12. Nd5 {[#] Threatens to win with Nc7+.} Rb8 {White is better.} 13. Be3 b5 (13... d6 $1 $14) 14. Bc5 Nf6 15. f3 Nxd5 16. exd5 Ne7 17. Bd6 Rb6 18. Bc7 Rb7 19. Bxe5 f6 20. Bd6 Nf5 {[#]} 21. Bf4 $146 ({Predecessor:} 21. Bb4 Ne3 22. Bd3 Nxg2+ 23. Kd2 Kf7 24. Bd6 Nh4 25. Rhf1 Nf5 26. Bxf5 gxf5 27. Rae1 g5 28. Re7+ {1-0 (50) Korbut,E (2317)-Grigoriev,Y (2219) St Petersburg 2003}) 21... g5 22. Bd3 gxf4 23. Bxf5 Kf7 24. O-O-O Rh5 25. Be4 d6 26. g3 Bh3 27. Rhg1 fxg3 28. Rxg3 (28. hxg3 $16 {aiming for g4.} Bd7 29. g4) 28... Bf5 $11 29. Rdg1 Kf8 30. Kd2 Rxh2+ 31. R1g2 Rh5 32. Kd3 (32. b3 $11) 32... Rc7 (32... Bh3 $17 33. Rf2 f5 34. Rxh3 {[%mdl 64] Remove Defender} Rxh3 35. Bxf5 Rg3) 33. c3 (33. Kd2 $15) 33... Bc8 (33... Bh3 $17 34. Rf2 f5 35. Rxh3 {[%mdl 64] Remove Defender} Rxh3 36. Bxf5 Rh5) 34. Kd2 Bb7 35. Bg6 Rxd5+ 36. Kc1 Re7 (36... b4 $15 37. f4 bxc3) 37. Rh3 {[%cal Rh3h8] [#]} Re1+ 38. Kc2 {Hoping for Rh8+.} Rde5 $36 {[%mdl 2048] Black fights for an advantage.} 39. Rh8+ (39. Kd2 $1 $11) 39... Ke7 $15 40. Rg8 $2 (40. Bd3 $15 Rg5 41. Rxg5 fxg5 42. Kd2) 40... Bxf3 $19 41. Rxg7+ Ke6 ({Better is} 41... Kf8 $19 42. Rf7+ Kg8) 42. Rf2 (42. Bf7+ $17 Kf5 43. Rd2) 42... R1e2+ 43. Rxe2 Rxe2+ {[%mdl 4096] Endgame KRB-KRB} 44. Kd3 {next Bf7+ is good for White.} Rxb2 45. Ra7 $2 (45. Ke3 {is a better defense.} Bd1 46. Bh7) 45... f5 46. Bf7+ Ke5 47. c4 (47. Ke3 $142 Bg4 48. Re7+ Kf6 49. Ra7) 47... b4 48. Re7+ Kf4 {( -> ...Be4+)} 49. c5 dxc5 50. Bb3 Rb1 51. Kd2 Be4 52. Rc7 Rg1 53. Rxc5 Rg2+ {Black mates.} 54. Kc1 Ke3 55. a3 bxa3 56. Ra5 Rb2 {[%csl Ge4][%cal Rb2b1]} 57. Ba2 Rxa2 0-1

[Event "Moscow Open RSSU Cup 2020"]
[Site "Moscow"]
[Date "2020.01.31"]
[Round "7.16"]
[White "Bodnaruk, Anastasia"]
[Black "Bykova, Anastasia"]
[Result "1-0"]
[WhiteElo "2411"]
[BlackElo "2247"]
[Annotator "RC"]
[PlyCount "95"]
[EventDate "2020.01.25"]
[EventType "swiss"]
[EventCountry "RUS"]
[SourceTitle "playchess.com"]
[Source "ChessBase"]
[SourceQuality "1"]
[TimeControl "40/5400+30:1800+30"]

1. e4 {[%emt 0:00:00]} d6 {[%emt 0:00:33]} 2. d4 {[%emt 0:00:00]} Nf6 {[%emt 0:00:05]} 3. Nc3 {[%emt 0:00:00]} g6 {[%emt 0:00:08]} 4. Be3 {[%emt 0:08:37]} a6 {[%emt 0:00:05]} 5. Qd2 {[%emt 0:02:25]} b5 {[%emt 0:01:03]} 6. f3 {[%emt 0:00:21]} Bb7 {[%emt 0:00:12]} 7. O-O-O {[%emt 0:04:15]} Nbd7 {[%emt 0:01:07]} 8. g4 {[%emt 0:04:34]} b4 {[%emt 0:04:26]} 9. Nce2 {[%emt 0:12:05]} Nxe4 {[%emt 0:05:36]} 10. fxe4 {[%emt 0:00:57]} Bxe4 {[%emt 0:00:02]} 11. Ng3 {[%emt 0:00:05]} Bxh1 12. Nxh1 {[%emt 0:00:04]} Bg7 {[%emt 0:03:01]} 13. Bh6 {[%emt 0:12:51]} O-O {[%emt 0:00:18]} 14. Nf3 {[%emt 0:11:00]} a5 {[%emt 0:04:36]} 15. d5 {[%emt 0:05:53]} e5 {[%emt 0:09:06]} 16. Ng3 {[%emt 0:05:42]} Qf6 {[%emt 0:08:23]} 17. Bg2 {[%emt 0:07:05]} Bxh6 {[%emt 0:07:55]} 18. Qxh6 {[%emt 0:00:02]} Qf4+ {[%emt 0:00:25]} 19. Qxf4 {[%emt 0:00:04]} exf4 {[%emt 0:00:02]} 20. Ne2 {[%emt 0:03:06]} Ne5 {[%emt 0:00:22]} 21. Nxe5 {[%emt 0:02:50]} dxe5 {[%emt 0:00:01]} 22. d6 {[%emt 0:00:24]} Ra7 {[%emt 0:01:52]} 23. d7 {[%emt 0:05:00]} Rd8 {[%emt 0:00:01]} 24. c4 {[%emt 0:04:42]} c5 {[%emt 0:15:09]} 25. Bc6 {[%emt 0:00:10]} Rc7 {[%emt 0:07:32]} 26. Bb5 {[%emt 0:01:13]} g5 {[%emt 0:00:19]} 27. Rd5 {[%emt 0:03:08]} f6 {[%emt 0:00:05]} 28. Kd2 {[%emt 0:00:34]} e4 {[%emt 0:00:20]} 29. Ba4 {[%emt 0:06:33]} h5 {[%emt 0:19:19]} 30. h3 {[%emt 0:00:03]} hxg4 {[%emt 0:00:15]} 31. hxg4 {[%emt 0:00:00]} Kf7 {[%emt 0:08:22]} 32. Nc1 {[%emt 0:00:05]} Ke7 {[%emt 0:00:04]} 33. Nb3 {[%emt 0:00:28]} Rh8 {[%emt 0:00:16]} 34. Nxc5 {[%emt 0:01:21]} Rxc5 {[%emt 0:01:53]} 35. Rxc5 {[%emt 0:00:02]} Rh2+ {[%emt 0:00:01]} 36. Ke1 {[%emt 0:01:08]} Rh1+ {[%emt 0:01:38]} 37. Ke2 {[%emt 0:01:09]} f3+ {[%emt 0:01:53]} 38. Ke3 {[%emt 0:00:28]} Re1+ {[%emt 0:00:56]} 39. Kf2 {[%emt 0:00:09]} Re2+ {[%emt 0:00:14]} 40. Kg3 {[%emt 0:00:49]} Rg2+ {[%emt 0:01:21]} 41. Kh3 {[%emt 0:30:01]} e3 {[%emt 0:31:00]} 42. Rc8 {[%emt 0:00:53]} Rd2 {[%emt 0:00:02]} 43. Re8+ {[%emt 0:00:05]} Kf7 {[%emt 0:00:01]} 44. Rxe3 {[%emt 0:00:27]} f5 {[%emt 0:01:27]} 45. gxf5 {[%emt 0:00:59]} Rd4 {[%emt 0:00:29]} 46. Bc6 {[%emt 0:00:35]} g4+ {[%emt 0:00:23]} 47. Kg3 {[%emt 0:00:01]} Kf6 {[%emt 0:00:10]} 48. Bd5 {[%emt 0:00:17]} 1-0

[Event "Moscow Open RSSU Cup 2020"]
[Site "Moscow"]
[Date "2020.01.31"]
[Round "7.17"]
[White "Schepetkova, Margarita"]
[Black "Charochkina, Daria"]
[Result "1-0"]
[WhiteElo "2200"]
[BlackElo "2349"]
[Annotator "TA"]
[PlyCount "127"]
[EventDate "2020.01.25"]
[EventType "swiss"]
[EventCountry "RUS"]
[SourceTitle "playchess.com"]
[Source "ChessBase"]
[SourceQuality "1"]

{[%evp 18,135,18,-9,38,32,43,43,45,50,22,39,43,28,39,36,28,15,19,14,15,-4,0,-11,0,-2,217,229,295,286,280,277,311,303,317,218,226,225,222,151,212,92,134,84,329,328,336,329,345,348,345,340,318,333,368,377,368,341,351,346,372,335,396,402,458,423,419,414,467,451,380,389,350,350,400,381,570,324,1235,1185,4586,4586,29975,29973,29973,29975,29982,29983,29982,29983,29988,29989,29989,29990,29990,29991,29992,29991,29991,29991,29992,29990,29990,29991,29991,29992,29992,29993,29993,29992,29992,29993,29993,29994,29994,29995,29995,29993,29994,29995]} 1. d4 Nf6 2. c4 e6 3. g3 c5 4. d5 exd5 5. cxd5 d6 6. Bg2 g6 7. Nf3 Bg7 8. O-O O-O 9. Nc3 Re8 10. Bf4 h6 {A62: Modern Benoni: Fianchetto Variation without early ...Nbd7} 11. Qc1 Kh7 {[#]} 12. Nd2 $146 {And now Nc4 would win.} ({Predecessor:} 12. Re1 Nh5 13. Bd2 Nd7 14. e4 Ne5 15. Nxe5 Rxe5 16. h3 Re7 17. a4 b6 18. Nb5 {0-1 (32) Cernousek,L (2494)-Najer,E (2677) Czech Republic 2017}) 12... g5 {White is slightly better.} 13. Be3 Bf5 14. Nc4 Qd7 15. a4 Na6 16. Nb5 Bf8 17. Qc3 $36 {[%mdl 2048] White has some pressure.} Ne4 18. Qb3 Nb4 19. Rae1 Nf6 20. Bd2 Bc2 ({Wrong is} 20... Nfxd5 $2 21. e4 $18) 21. Qf3 $1 {[%cal Rf3f6]} Nbxd5 $2 (21... Nfxd5 $11 {and Black stays safe.} 22. Ncxd6 Bxd6 23. Nxd6 Qxd6 24. Qxf7+ Kh8) 22. Nc3 $18 {[%cal Bb5c3,Bc3d5,Bd5f6][%mdl 32]} g4 23. Nxd5 gxf3 24. Nxf6+ Kg7 25. Nxd7 fxg2 26. Kxg2 Be7 27. Bc3+ Kg6 28. h4 h5 {[#]} (28... Bxa4 $16 29. h5+ Kh7) 29. g4 (29. f4 $1 $18 {[%cal Rf4f5] has better winning chances. Hoping for f5+!} Bf5 30. Nxc5 dxc5 31. e4) 29... Bxa4 $16 30. gxh5+ Kf5 $2 (30... Kxh5 $16 31. Nf6+ Bxf6) 31. Nf6 $18 {[%mdl 64] Deflection} Bxf6 32. Nxd6+ {[%mdl 64] Double Attack} Ke6 {...Rg8+ is the strong threat.} 33. Nxe8 Rxe8 34. Bxf6 Kxf6 {[%mdl 4096] Endgame KRR-KRB} 35. e4 Bc6 36. f3 Rh8 37. Kg3 Rxh5 38. f4 Rh8 39. Rf2 Rd8 40. h5 c4 41. f5 Kg5 42. e5 Rd3+ 43. Kh2 Kh4 {( -> ...Rh3+)} 44. Rf4+ Kg5 45. Ref1 ({Weaker is} 45. Rxc4 Rd2+ 46. Kg1 Kxf5 $16) 45... Kxh5 46. e6 f6 (46... Kg5 $142 47. exf7 Rd8) 47. Rxc4 Rd2+ $2 (47... Kg5 48. Re1 Rd8) 48. Kg3 Rg2+ 49. Kh3 Rxb2 50. Rh4+ {White mates.} Kg5 51. Rg4+ Kh6 52. Rfg1 {[%cal Rg4h4]} Rb3+ 53. Kh4 Rb2 54. Rg6+ {[%mdl 64] Double Attack} Kh7 55. Rxf6 Rh2+ 56. Kg5 Kg8 57. Kf4+ Kh8 58. e7 Rf2+ 59. Ke5 {[%cal Rf6h6]} Re2+ 60. Kd6 {[%cal Rf6h6]} Rd2+ 61. Kc5 {[%cal Rf6h6]} Rd5+ 62. Kc4 {[%cal Rf6h6]} b5+ 63. Kb4 {[%cal Rf6h6]} Rd4+ {[#]} 64. Kc3 {Played: Kb4-c5} 1-0

[Event "Moscow Open RSSU Cup 2020"]
[Site "Moscow"]
[Date "2020.02.01"]
[Round "8.1"]
[White "Tsydypov, Zhamsaran"]
[Black "Petrosyan, Manuel"]
[Result "1/2-1/2"]
[WhiteElo "2553"]
[BlackElo "2590"]
[Annotator "TA"]
[PlyCount "27"]
[EventDate "2020.01.25"]
[EventType "swiss"]
[EventCountry "RUS"]
[SourceTitle "playchess.com"]
[Source "ChessBase"]
[SourceQuality "1"]

{[%evp 23,27,0,0,0,2,0]} 1. e4 e5 2. Nf3 Nc6 3. Bb5 Nf6 4. O-O Nxe4 5. d4 Nd6 6. dxe5 Nxb5 7. a4 Nbd4 8. Nxd4 d6 9. exd6 Nxd4 10. Qxd4 Qxd6 11. Qe4+ Qe6 12. Qd4 Qd6 13. Qe4+ {C67: Ruy Lopez: Berlin Defence: 4 0-0 Nxe4} Qe6 14. Qd4 1/2-1/2